UBT Library

Library Trenas (Record no. 41188)

000 -LEADER
fixed length control field 00281nam a22001337a 4500
008 - FIXED-LENGTH DATA ELEMENTS--GENERAL INFORMATION
fixed length control field 180129b xxu||||| |||| 00| 0 eng d
020 ## - INTERNATIONAL STANDARD BOOK NUMBER
International Standard Book Number 509250001
041 ## - LANGUAGE CODE
Language code of text/sound track or separate title eng
080 ## - UNIVERSAL DECIMAL CLASSIFICATION NUMBER
Universal Decimal Classification number 941
100 ## - Rafti
Rafti 16
101 ## - Shkurtesa
Shkurtesa HIS
245 ## - TITLE STATEMENT
Title Library Trenas
Statement of responsibility, etc Winger, H.W
942 ## - ADDED ENTRY ELEMENTS (KOHA)
Source of classification or shelving scheme
Item type Books
Holdings
Withdrawn status Lost status Source of classification or shelving scheme Damaged status Not for loan Collection code Permanent location Current location Shelving location Date acquired Total Checkouts Full call number Barcode Date last seen Price effective from Koha item type
          Koleksioni i përgjithshem UBT - Lipjan UBT - Lipjan Koleksioni i përgjithshem 01/29/2018   941 WIN 002-2996869 01/29/2018 01/29/2018 Books
UBT Library © 2015-2024. All rights reserved University Education for Business and Technology